Sanat - "Vanhoja poikia viiksekkäitä" - Juha Vainio - Statistics

Yleistilastot
  • Tätä visaa on pelattu 369 kertaa
    337 viimeisimmän päivityksen jälkeen
  • Keskiarvotulos 90 / 131
Vastaustilastot
Vastaus % Oikein
KERTOSÄE
99%
Nestori
97%
saa
96%
Saimaa
96%
torppa
96%
norppa
95%
pikkuinen
95%
saaressa
95%
Saimaan
95%
on
93%
vaan
93%
Miikkulainen
92%
se
92%
ei
88%
istuu
87%
ja
87%
hylje
85%
kumpikin
85%
mies
85%
portailla
84%
sekä
83%
viiksekkäitä
83%
häitä
79%
koskaan
79%
maailma
79%
Nestorin
79%
sen
79%
pois
77%
Tanssittu
77%
morsion
76%
huuliharppua
74%
pinnalle
73%
soittaa
73%
houkutti
72%
nousee
71%
yksi
71%
pärskähtäen
70%
ymmärtää
70%
huuliharppuaan
68%
yksin
68%
vanhojapoikia
67%
suuri
65%
mut
61%
kun
60%
hyvin
58%
jää
57%
kohta
56%
näin
56%
tuo
56%
hylkeitä
54%
sävel
54%
ainuttakaan
53%
luo
53%
tuttua
53%
tutumpi
53%
sata
52%
jäljellä
50%
sille
50%
soittajan
49%
kaipuun
48%
laulu
48%
mitä
48%
suunnisti
48%
asettumaan
47%
kertoo
47%
sukunsa
47%
viimeinen
47%
alla
46%
ehkä
46%
saareen
46%
iäkäs
45%
Miikkulaisen
45%
myös
45%
naista
45%
olla
45%
soittelee
45%
jäi
44%
kuten
44%
vei
44%
aallon
43%
norpan
43%
rannoilta
43%
elämän
42%
kohtalo
42%
tahtonut
41%
tuuliseen
41%
lepokivellään
39%
määrä
39%
toveri
39%
sinne
38%
katsoo
34%
kumppanin
33%
ymmärtäen
31%
ystävää
28%
Ehtoja vastaavia visoja ei löytynyt
Tulosjakauma
Jokaisen tuloksen saaneiden osuus
Persentiili vastausten määrän mukaan
Tuloshistoriasi
Et ole pelannut tätä visaa sen viimeisimmän päivityksen jälkeen